20 Most Restrictive Countries - Statistics

General Stats
  • This quiz has been taken 690 times
    627 since last reset
  • The average score is 11 of 20
Answer Stats
Country % Correct
North Korea
93%
China
85%
Iran
85%
Saudi Arabia
77%
Afghanistan
76%
Syria
75%
Yemen
75%
Cuba
62%
Somalia
62%
Turkmenistan
56%
Myanmar
52%
Uzbekistan
51%
Laos
50%
Belarus
47%
Eritrea
47%
Ethiopia
40%
Azerbaijan
36%
Maldives
20%
Sri Lanka
20%
Equatorial Guinea
15%
No matching quizzes found
Score Distribution
Percent of People with Each Score
Percentile by Number Answered
Your Score History
You have not taken this quiz since the last reset